[Event "IECG CP.2000.F.00001 email"]
[Site "IECG email"]
[Date "2003.10.01"]
[Round "?"]
[White "Womble, Derek"]
[Black "Siefring, Carl L"]
[Result "1/2-1/2"]
[WhiteElo "2216"]
[BlackElo "2421"]
[PlyCount "67"]
[EventDate "2003.10.01"]
[EventType "tourn (corr)"]
[EventRounds "9"]
[SourceTitle "Corr 2008"]
[Source "ChessBase"]
[SourceDate "2008.06.24"]
[SourceVersion "1"]
[SourceVersionDate "2008.06.24"]
[SourceQuality "1"]

1. e4 c5 2. Nf3 d6 3. Bb5+ Bd7 4. Bxd7+ Qxd7 5. c4 Nc6 6. d4 cxd4 7. Nxd4 Nf6 8. Nc3 Qg4 9. Qxg4 Nxg4 10. Nxc6 bxc6 11. Bf4 Nf6 12. 0-0-0 Nd7 13. Rhe1 g6 14. e5 dxe5 15. Bxe5 Nxe5 16. Rxe5 Bg7 17. Ra5 Bxc3 18. bxc3 a6 19. Kc2 Ra7 20. Kb3 0-0 21. Kb4 Rb7+ 22. Kc5 Rb2 23. Rf1 Ra8 24. Ra4 Kf8 25. g4 Rc2 26. Kxc6 Rxc3 27. Kc7 e5 28. Kb7 Rd8 29. g5 Rc2 30. h3 Re8 31. f3 Kg7 32. Re1 h6 33. h4 Re6 34. Re4 1/2-1/2

[Event "IECG CP.2000.Q.00034"]
[Site "IECG email"]
[Date "2001.10.01"]
[Round "?"]
[White "Raidna, Raivo I"]
[Black "Womble, Derek"]
[Result "1/2-1/2"]
[WhiteElo "2242"]
[BlackElo "1987"]
[PlyCount "86"]
[EventDate "2001.10.01"]
[EventType "tourn (corr)"]
[EventRounds "6"]
[SourceTitle "Corr 2008"]
[Source "ChessBase"]
[SourceDate "2008.06.24"]
[SourceVersion "1"]
[SourceVersionDate "2008.06.24"]
[SourceQuality "1"]

1. e4 c5 2. Nf3 d6 3. Bb5+ Bd7 4. Bxd7+ Qxd7 5. c4 Nc6 6. d4 cxd4 7. Nxd4 Nf6 8. Nc3 g6 9. f3 Bg7 10. Be3 0-0 11. 0-0 a6 12. Rc1 e6 13. Nxc6 Qxc6 14. Qd2 Rfd8 15. b3 Rac8 16. Rfd1 Bf8 17. Bg5 Qc5+ 18. Kh1 Be7 19. Na4 Qe5 20. Be3 Nd7 21. Nc3 Qh5 22. Ne2 Ne5 23. Kg1 Rc6 24. a3 Rdc8 25. a4 Nd7 26. a5 Bd8 27. Nd4 R6c7 28. Rb1 Bf6 29. Ne2 Rc6 30. Nf4 Qe5 31. Nd3 Qc3 32. Nb4 Qxd2 33. Rxd2 R6c7 34. Na2 Be7 35. Nc1 Kf8 36. Kf1 Ke8 37. Nd3 Nc5 38. g4 Bf6 39. Nxc5 dxc5 40. Rd3 Rd7 41. Rbd1 Rxd3 42. Rxd3 Bd8 43. Bd2 Bc7 1/2-1/2

[Event "IECG CP.2000.Q.00034"]
[Site "IECG email"]
[Date "2001.10.01"]
[Round "?"]
[White "Womble, Derek"]
[Black "Kulczycki, Michael"]
[Result "1-0"]
[WhiteElo "1987"]
[BlackElo "1879"]
[PlyCount "121"]
[EventDate "2001.10.01"]
[EventType "tourn (corr)"]
[EventRounds "6"]
[SourceTitle "Corr 2008"]
[Source "ChessBase"]
[SourceDate "2008.06.24"]
[SourceVersion "1"]
[SourceVersionDate "2008.06.24"]
[SourceQuality "1"]

1. e4 e5 2. Nf3 Nc6 3. Bb5 a6 4. Ba4 Nf6 5. 0-0 Be7 6. Re1 b5 7. Bb3 d6 8. c3 0-0 9. h3 Na5 10. Bc2 c5 11. d4 Qc7 12. Nbd2 Nc6 13. dxc5 dxc5 14. Nf1 Be6 15. Ne3 Rad8 16. Qe2 c4 17. Nf5 Rfe8 18. N3h4 Nd7 19. Qg4 Bf8 20. Bh6 g6 21. Bxf8 Rxf8 22. Re3 Kh8 23. Qg5 gxf5 24. exf5 Bd5 25. Rd1 Qd6 26. f6 Nxf6 27. Rf3 Ne4 28. Bxe4 Qe7 29. Qe3 Bxe4 30. Rxd8 Nxd8 31. Qxe4 f6 32. Nf5 Qb7 33. Qh4 Ne6 34. Rg3 Qd7 35. Rg6 Qf7 36. Rh6 Nf4 37. g3 Nd3 38. Nd6 Qg7 39. Ne4 Ne1 40. Kf1 Nf3 41. Qh5 Kg8 42. Ke2 Ng1+ 43. Ke1 Nf3+ 44. Kf1 a5 45. a3 f5 46. Nd6 e4 47. Re6 Qd7 48. Qh6 a4 49. h4 Qd8 50. Ke2 Qd7 51. Rf6 Rxf6 52. Qxf6 Nh2 53. Qe5 h5 54. Qd5+ Kf8 55. Qxf5+ Qxf5 56. Nxf5 Ng4 57. Nd6 Ke7 58. Nxe4 Ke6 59. f3 Nh6 60. Ke3 Ke5 61. f4+ 1-0

[Event "IECG CP.2000.P.00023"]
[Site "IECG email"]
[Date "2000.10.01"]
[Round "?"]
[White "Schweigel, Peter"]
[Black "Womble, Derek"]
[Result "0-1"]
[WhiteElo "800"]
[BlackElo "1987"]
[PlyCount "90"]
[EventDate "2000.10.01"]
[EventType "tourn (corr)"]
[EventRounds "6"]
[EventCountry "USA"]
[SourceTitle "Corr 2008"]
[Source "ChessBase"]
[SourceDate "2008.06.24"]
[SourceVersion "1"]
[SourceVersionDate "2008.06.24"]
[SourceQuality "1"]

1. e4 c5 2. Nf3 d6 3. d4 cxd4 4. Nxd4 Nf6 5. Nc3 a6 6. Be2 e5 7. Nf3 h6 8. 0-0 Be6 9. Be3 Be7 10. Qd2 0-0 11. Rad1 Nbd7 12. Rfe1 Rc8 13. h3 b5 14. a3 Qc7 15. Bd3 Nb6 16. Bxb6 Qxb6 17. Ne2 d5 18. exd5 Nxd5 19. Ng3 f6 20. Nf5 Rfd8 21. Nxe7+ Nxe7 22. Qe2 Bd5 23. Nh4 Bc4 24. Bxc4+ Rxc4 25. Rxd8+ Qxd8 26. Nf3 Qc8 27. c3 Ng6 28. Qc2 Nf4 29. Kh2 a5 30. Nh4 b4 31. axb4 axb4 32. Qb3 Kh8 33. cxb4 Rc2 34. Rf1 Qc4 35. Qxc4 Rxc4 36. b5 Rb4 37. Rd1 Rxb2 38. Rd8+ Kh7 39. Rb8 Rxf2 40. Rb7 h5 41. Kg3 Rb2 42. Kf3 Ne6 43. Ke3 Rb3+ 44. Kd2 Nd4 45. b6 Kh6 0-1

[Event "IECG CP.2000.P.00023"]
[Site "IECG email"]
[Date "2000.10.01"]
[Round "?"]
[White "Womble, Derek"]
[Black "Lukin, Vladimir"]
[Result "1-0"]
[WhiteElo "1987"]
[BlackElo "1940"]
[PlyCount "31"]
[EventDate "2000.10.01"]
[EventType "tourn (corr)"]
[EventRounds "6"]
[EventCountry "USA"]
[SourceTitle "Corr 2008"]
[Source "ChessBase"]
[SourceDate "2008.06.24"]
[SourceVersion "1"]
[SourceVersionDate "2008.06.24"]
[SourceQuality "1"]

1. e4 c5 2. Nf3 Nc6 3. d4 cxd4 4. Nxd4 Nf6 5. Nc3 e5 6. Ndb5 d6 7. Nd5 Nxd5 8. exd5 Nb8 9. c4 Be7 10. c5 0-0 11. Be2 Na6 12. cxd6 Bxd6 13. 0-0 Nc7 14. Bg5 Qxg5 15. Nxd6 Rd8 16. Nxc8 1-0